| 000 | 00428cam a22001217a 4500 | ||
|---|---|---|---|
| 008 | 180718b1961 xxu||||| |||| 00| 0 eng d | ||
| 082 | _aA2:T1084 N213i | ||
| 245 |
_aGeneral index of conference board publications _cby National Industrial Conference Board |
||
| 260 |
_aNew York _bNational Industrial Conference Board _c1961 |
||
| 300 | _a31p. | ||
| 650 | _aEconomics - Bibliography | ||
| 700 | _aNational Industrial Conference Board | ||
| 999 |
_c480842 _d480842 |
||